MARC

LEADER 00000nam0a2200000 4500
001 146134
005 20231031144512.0
010 |a 5229009675 
020 |a RU  |b 91-54141 
035 |a (RuTPU)RU\TPU\book\158400 
090 |a 146134 
100 |a 20081027d1991 m a0rusy5003 ca 
101 0 |a rus 
102 |a RU 
105 |a a z 001zy 
200 1 |a Газодинамика процессов вдувания порошков в жидкий металл  |f Ю. М. Кузнецов 
210 |a Челябинск  |c Металлургия  |d 1991 
215 |a 160 с.  |c ил. 
320 |a Библиогр.: с. 155-159. 
610 1 |a металлургические печи 
610 1 |a газодинамика 
610 1 |a дутье 
610 1 |a порошки 
610 1 |a жидкие металлы 
610 1 |a порошкообразные материалы 
610 1 |a применение 
610 1 |a аэродинамика 
610 1 |a формирование 
610 1 |a методы расчета 
610 1 |a физические модели 
610 1 |a математическая модель 
675 |a 669.041  |v 3 
700 1 |a Кузнецов  |b Ю. М.  |g Юрий Михайлович 
801 0 |a RU  |b RuMRKP  |c 19950417  |g psbo 
801 1 |a RU  |b 63413507  |c 20081027  |g PSBO 
801 2 |a RU  |b 63413507  |c 20081202  |g PSBO 
942 |c BK